Lidé ve firmě jak to dělají ti nejúspěšnější

Gespeichert in:
Bibliographische Detailangaben
1. Verfasser: Brož, Ivan
Format: Buch
Sprache:Tschechisch
Veröffentlicht: Praha LINDE 2004
Schlagworte:
Tags: Tag hinzufügen
Keine Tags, Fügen Sie das erste Tag hinzu!

MARC

LEADER 00000nam$a2200000$$$4500
001 0036519
005 20221207102700.9
020 |a 80-86131-51-3 
041 0 |a cze 
044 |a CZ 
245 1 0 |a Lidé ve firmě  |b jak to dělají ti nejúspěšnější  |c Ivan Brož 
264 1 |a Praha  |b LINDE  |c 2004 
300 |a 103 s. 
610 2 0 |a firmy 
610 2 0 |a podnik 
610 2 0 |a manažéri 
610 2 0 |a spolupracovníci 
610 2 0 |a riadenie podnikové 
610 2 0 |a zamestnanci 
610 2 0 |a vzdelávanie 
610 2 0 |a zisk 
610 2 0 |a konkurencieschopnosť 
610 2 0 |a tímy pracovné 
610 2 0 |a schopnosti pracovné 
610 2 0 |a metódy riadenia 
100 1 |a Brož, Ivan